| 000 | 00375nam a2200109Ia 4500 | ||
|---|---|---|---|
| 008 | 171204s9999 xx 000 0 und d | ||
| 245 | _aCinema's Baroque Flesh: Film, Phenomenology and the Art of Entanglement: (Film Culture in Transition) | ||
| 245 | _cSaige Walton | ||
| 260 | _c2016 | ||
| 650 | _xINTRODUCTION TO FILM | ||
| 856 | _uhttp://down.ebook777.com/050/9089649514.pdf | ||
| 999 |
_c346105 _d346105 |
||